| 000 | 01185nam a2200253 i 4500 | ||
|---|---|---|---|
| 001 | 164746 | ||
| 003 | ES-MaACL | ||
| 005 | 20230906213008.0 | ||
| 008 | 931025s1865 sp |||| | spa d | ||
| 100 | 1 |
_aSantillán, Ramón. _9103419 |
|
| 245 | 1 | 0 |
_aMemoria histórica sobre los bancos Nacional de San Carlos, Español de San Fernando, Isabel II, Nuevo de San Fernando, y de España / _cescrita por D. Ramón Santillán. |
| 246 | 3 | _aMemoria histórica sobre los bancos, desde el Nacional de San Carlos hasta el de España | |
| 260 |
_aMadrid : _b[s.n.], _c1865 ( _fEst. Tip. de T. Fortanet) |
||
| 300 |
_a2 t. en 1 v. (299; 298 p., [2] h. pleg., [4] h. de tablas) ; _c25 cm. |
||
| 530 | _aDisponible en formato digital. | ||
| 610 | 2 | 4 |
_aBanco de San Carlos (España)- _vHistoria. _92114 |
| 610 | 2 | 4 |
_aBanco Español de San Fernando. _92122 |
| 610 | 2 | 4 |
_aBanco de Isabel II. _9174801 |
| 610 | 2 | 4 |
_aBanco de España- _vHistoria. _92105 |
| 650 | 4 |
_aBancos- _zEspaña- _xHistoria. _910488 |
|
| 752 |
_aEspaña - _dMadrid |
||
| 852 | 4 |
_aES-MaACL _jG-9563 _z- Enc. hol. |
|
| 856 | 4 |
_uhttps://repositorio.bde.es/handle/123456789/2116 _zRepositorio Institucional del Banco de España |
|
| 999 |
_c164746 _d164746 |
||